000
00312nam a22001217a 4500
008
180511b xxu||||| |||| 00| 0 eng d
041
_a
eng
080
_a
043.3
100
_a
0
101
_a
SHKI-BTH
245
_a
CDN and content compression-their effectson the web page performance
_c
Beqiri,J
942
_2
udc
_c
BK
999
_c
45696
_d
45696